[Event "Open Praha 2018 - A"]
[Site "?"]
[Date "2018.01.19"]
[Round "9"]
[White "Smith, Bryan"]
[Black "Nie, Xin"]
[Result "1-0"]
[BlackElo "2154"]
[WhiteElo "2439"]
[LiveChessVersion "1.4.8"]

1. e4 {[%clk 1:28:02]} e5 {[%clk 1:30:38]} 2. Nf3 {[%clk 1:28:27]} Nc6
{[%clk 1:30:46]} 3. Bb5 {[%clk 1:28:48]} a6 {[%clk 1:30:49]} 4. Ba4
{[%clk 1:29:12]} Nf6 {[%clk 1:31:04]} 5. O-O {[%clk 1:29:36]} Be7
{[%clk 1:31:12]} 6. Re1 {[%clk 1:29:58]} b5 {[%clk 1:31:35]} 7. Bb3
{[%clk 1:30:26]} d6 {[%clk 1:31:51]} 8. c3 {[%clk 1:30:53]} O-O {[%clk 1:32:10]}
9. h3 {[%clk 1:31:03]} Nb8 {[%clk 1:32:11]} 10. d4 {[%clk 1:31:23]} Nbd7
{[%clk 1:32:36]} 11. Nbd2 {[%clk 1:31:42]} Bb7 {[%clk 1:33:00]} 12. Bc2
{[%clk 1:31:58]} Re8 {[%clk 1:33:22]} 13. Nf1 {[%clk 1:32:19]} Bf8
{[%clk 1:33:37]} 14. Ng3 {[%clk 1:32:45]} g6 {[%clk 1:33:54]} 15. a4
{[%clk 1:33:02]} c5 {[%clk 1:33:57]} 16. d5 {[%clk 1:33:25]} c4 {[%clk 1:34:16]}
17. Bg5 {[%clk 1:33:35]} Bg7 {[%clk 1:34:24]} 18. Qd2 {[%clk 1:29:55]} Nc5
{[%clk 1:34:39]} 19. Nh2 {[%clk 1:24:04]} Qc7 {[%clk 1:23:41]} 20. Rf1
{[%clk 1:18:22]} h5 {[%clk 1:17:51]} 21. Bh6 {[%clk 0:59:35]} Bh8
{[%clk 1:05:25]} 22. Nf3 {[%clk 0:56:31]} Nh7 {[%clk 0:57:55]} 23. Ra3
{[%clk 0:53:08]} Bf6 {[%clk 0:49:50]} 24. Rfa1 {[%clk 0:49:21]} Reb8
{[%clk 0:49:37]} 25. Qe2 {[%clk 0:38:42]} Qb6 {[%clk 0:40:20]} 26. Be3
{[%clk 0:35:32]} Nf8 {[%clk 0:33:37]} 27. Nd2 {[%clk 0:30:22]} Nfd7
{[%clk 0:32:58]} 28. Ngf1 {[%clk 0:23:05]} Qc7 {[%clk 0:32:24]} 29. Nh2
{[%clk 0:22:46]} Nb6 {[%clk 0:31:51]} 30. axb5 {[%clk 0:21:38]} axb5
{[%clk 0:32:13]} 31. Rxa8 {[%clk 0:20:29]} Rxa8 {[%clk 0:32:08]} 32. Rxa8+
{[%clk 0:20:54]} Bxa8 {[%clk 0:32:17]} 33. g4 {[%clk 0:20:57]} hxg4
{[%clk 0:32:03]} 34. Nxg4 {[%clk 0:21:11]} Bg7 {[%clk 0:32:19]} 35. f4
{[%clk 0:19:27]} exf4 {[%clk 0:29:40]} 36. Bxf4 {[%clk 0:18:38]} Qe7
{[%clk 0:30:05]} 37. Qh2 {[%clk 0:16:29]} Nc8 {[%clk 0:30:26]} 38. Qf2
{[%clk 0:07:13]} Qa7 {[%clk 0:27:34]} 39. Nf1 {[%clk 0:04:03]} Qe7
{[%clk 0:22:13]} 40. Nd2 {[%clk 0:01:26]} Qa7 {[%clk 0:18:22]} 41. Be3
{[%clk 0:26:36]} Qa1+ {[%clk 0:48:30]} 42. Nf1 {[%clk 0:25:35]} Nd7
{[%clk 0:48:13]} 43. Qh4 {[%clk 0:23:57]} Qa5 {[%clk 0:46:50]} 44. Bh6
{[%clk 0:18:02]} Bxh6 {[%clk 0:43:47]} 45. Nxh6+ {[%clk 0:17:42]} Kf8
{[%clk 0:43:00]} 46. Ng4 {[%clk 0:16:59]} Qb6+ {[%clk 0:40:03]} 47. Nfe3
{[%clk 0:14:51]} Bb7 {[%clk 0:33:16]} 48. Kf2 {[%clk 0:11:13]} Ke8
{[%clk 0:31:41]} 49. Qh8+ {[%clk 0:10:49]} Ke7 {[%clk 0:31:03]} 50. Qh4+
{[%clk 0:08:21]} Ke8 {[%clk 0:31:23]} 51. Qh8+ {[%clk 0:05:48]} Ke7
{[%clk 0:31:52]} 52. Ke2 {[%clk 0:05:47]} Qd8 {[%clk 0:30:56]} 53. Qh4+
{[%clk 0:05:43]} Ke8 {[%clk 0:31:16]} 54. Qh8+ {[%clk 0:06:08]} Ke7
{[%clk 0:31:41]} 55. Qh7 {[%clk 0:06:14]} Qf8 {[%clk 0:31:03]} 56. h4
{[%clk 0:04:09]} Kd8 {[%clk 0:29:18]} 57. h5 {[%clk 0:03:12]} gxh5
{[%clk 0:28:56]} 58. Qxh5 {[%clk 0:03:34]} f6 {[%clk 0:27:27]} 59. Nf5
{[%clk 0:03:36]} Qe8 {[%clk 0:26:39]} 60. Qh6 {[%clk 0:01:58]} Bxd5
{[%clk 0:22:38]} 61. Nxf6 {[%clk 0:01:46]} Nxf6 {[%clk 0:23:05]} 62. Qxf6+
{[%clk 0:02:10]} Kd7 {[%clk 0:23:18]} 63. Qg7+ {[%clk 0:01:44]} Kd8
{[%clk 0:21:20]} 64. Qg5+ {[%clk 0:02:01]} Kd7 {[%clk 0:18:00]} 65. Ng7
{[%clk 0:02:21]} Qe7 {[%clk 0:18:28]} 66. Qxd5 {[%clk 0:02:14]} Qxg7
{[%clk 0:18:53]} 67. Qb7+ {[%clk 0:02:38]} 1-0

[Event "Open Praha 2018 - A"]
[Site "?"]
[Date "2018.01.19"]
[Round "9"]
[White "Kareva, Natalia"]
[Black "Solozhenkin, Evgeniy"]
[Result "0-1"]
[BlackElo "2451"]
[WhiteElo "2207"]
[LiveChessVersion "1.4.8"]

1. c4 {[%clk 1:30:53]} e5 {[%clk 1:25:24]} 2. Nc3 {[%clk 1:31:03]} Nf6
{[%clk 1:25:46]} 3. g3 {[%clk 1:29:51]} d5 {[%clk 1:25:28]} 4. cxd5
{[%clk 1:30:08]} Nxd5 {[%clk 1:25:54]} 5. Bg2 {[%clk 1:30:22]} Nb6
{[%clk 1:26:12]} 6. Nf3 {[%clk 1:29:15]} Nc6 {[%clk 1:26:34]} 7. d3
{[%clk 1:29:29]} Be7 {[%clk 1:26:41]} 8. O-O {[%clk 1:29:23]} O-O
{[%clk 1:27:00]} 9. a3 {[%clk 1:28:13]} Be6 {[%clk 1:22:10]} 10. b4
{[%clk 1:24:54]} f6 {[%clk 1:22:15]} 11. Bb2 {[%clk 1:23:01]} Nd4
{[%clk 1:00:49]} 12. Nxd4 {[%clk 1:18:06]} exd4 {[%clk 1:00:53]} 13. Nb5
{[%clk 1:18:05]} c5 {[%clk 0:57:08]} 14. bxc5 {[%clk 1:15:52]} Bxc5
{[%clk 0:57:34]} 15. Qc2 {[%clk 1:13:56]} Qe7 {[%clk 0:53:07]} 16. Nxd4
{[%clk 1:10:13]} Rac8 {[%clk 0:52:56]} 17. Qd1 {[%clk 1:08:09]} Bf7
{[%clk 0:53:08]} 18. Bh3 {[%clk 1:04:50]} Rcd8 {[%clk 0:51:36]} 19. Nf5
{[%clk 1:02:42]} Qe8 {[%clk 0:51:50]} 20. Rc1 {[%clk 0:57:58]} Na4
{[%clk 0:50:20]} 21. Qd2 {[%clk 0:53:38]} Bh5 {[%clk 0:31:47]} 22. Rfe1
{[%clk 0:45:12]} Bb6 {[%clk 0:29:17]} 23. Ba1 {[%clk 0:45:02]} Kh8
{[%clk 0:27:50]} 24. Rc4 {[%clk 0:40:31]} Nc5 {[%clk 0:26:37]} 25. g4
{[%clk 0:28:36]} Bg6 {[%clk 0:25:37]} 26. Qc3 {[%clk 0:26:15]} Ne6
{[%clk 0:19:19]} 27. e3 {[%clk 0:23:39]} Qd7 {[%clk 0:18:46]} 28. Nh4
{[%clk 0:17:15]} Bxd3 {[%clk 0:14:15]} 29. Rd1 {[%clk 0:16:05]} Qd5
{[%clk 0:13:45]} 30. Ra4 {[%clk 0:12:50]} Qb5 {[%clk 0:11:55]} 31. Rb4
{[%clk 0:12:08]} Qa6 {[%clk 0:12:20]} 32. Bg2 {[%clk 0:10:59]} Ba5
{[%clk 0:09:30]} 33. Bxb7 {[%clk 0:10:49]} Bxb4 {[%clk 0:09:57]} 34. Bxa6
{[%clk 0:11:12]} Bxc3 {[%clk 0:10:16]} 0-1

[Event "Open Praha 2018 - A"]
[Site "Praha (CZE)"]
[Date "2018.01.19"]
[Round "9"]
[White "Chkhaidze, Nikoloz"]
[Black "Ranaldi, Lucas"]
[Result "0-1"]
[WhiteElo "2306"]
[BlackElo "2212"]
[PlyCount "128"]
[EventDate "2018.01.12"]

1. d4 Nf6 2. c4 e6 3. Nc3 Bb4 4. f3 d5 5. a3 Be7 6. e4 dxe4 7. fxe4 e5 8. d5
Bc5 9. Nf3 Bg4 10. h3 Bxf3 11. Qxf3 Nbd7 12. Bd2 c6 13. g4 O-O 14. O-O-O a5 15.
g5 Ne8 16. h4 Nd6 17. dxc6 bxc6 18. Be3 Qe7 19. Rh2 Bxe3+ 20. Qxe3 Nb7 21. Bh3
Ndc5 22. Kb1 a4 23. Rhd2 Rab8 24. Qf2 Na5 25. Rd6 Nxc4 26. Qxc5 Nxb2 27. Kc2
Nxd1 28. Nxd1 Qb7 29. Rd3 Qb1+ 30. Kd2 Rb3 31. Bf1 Qa2+ 32. Ke1 Qh2 33. Qf2
Qxf2+ 34. Nxf2 Rfb8 35. Ng4 Rxd3 36. Bxd3 Rb3 37. Nxe5 Rxa3 38. Kd2 c5 39. Bc4
Rh3 40. Nxf7 Rxh4 41. Nd8+ Kf8 42. Ne6+ Ke7 43. Nxc5 a3 44. Kc3 Rg4 45. Kb4
Rxg5 46. Ne6 Rg4 47. Nc5 h5 48. Kxa3 h4 49. Bd5 Kd6 50. Nb7+ Ke5 51. Nd8 Rxe4
52. Bb7 Re1 53. Nc6+ Kf4 54. Nb4 Kg3 55. Kb2 h3 56. Nd3 Rf1 57. Kc3 h2 58. Kd4
h1=Q 59. Bxh1 Rxh1 60. Ke5 g5 61. Kf5 g4 62. Kg5 Rh8 63. Ne5 Kh3 64. Kf4 Rf8+
0-1

[Event "Open Praha 2018 - A"]
[Site "Praha (CZE)"]
[Date "2018.01.19"]
[Round "9"]
[White "Michalicka, Milan"]
[Black "Pushkov, Nikolai"]
[Result "0-1"]
[WhiteElo "2179"]
[BlackElo "2298"]
[PlyCount "102"]
[EventDate "2018.01.12"]

1. d4 Nf6 2. c4 e6 3. g3 d5 4. Bg2 Bb4+ 5. Bd2 Be7 6. Nf3 O-O 7. O-O c6 8. Qc2
Nbd7 9. Bf4 a5 10. Nbd2 Nh5 11. Be3 f5 12. Nb3 a4 13. Nc1 Nb6 14. Ne5 Nf6 15.
Ncd3 Ne4 16. b4 dxc4 17. Nxc4 Nd5 18. Bd2 Ndf6 19. Nc5 Nxd2 20. Qxd2 b6 21.
Bxc6 bxc5 22. Bxa8 Ba6 23. b5 Bxb5 24. Na3 Ba6 25. Bg2 cxd4 26. Nc2 e5 27. Nb4
Bxb4 28. Qxb4 Bxe2 29. Rfe1 d3 30. Qxa4 e4 31. Rxe2 dxe2 32. Qc4+ Qd5 33. Qxe2
Ng4 34. a4 Qd4 35. Ra2 Rb8 36. Bf1 Ne5 37. a5 Nd3 38. a6 Ra8 39. Qc2 h6 40. Qc6
Ra7 41. Qe6+ Kh7 42. Qxf5+ g6 43. Qe6 Kg7 44. Bg2 Nc1 45. Bf1 Nxa2 46. Qxa2 Rf7
47. Qe2 Rc7 48. Qa2 e3 49. fxe3 Qxe3+ 50. Qf2 Qc3 51. Bg2 Rf7 0-1

[Event "Open Praha 2018 - A"]
[Site "Praha (CZE)"]
[Date "2018.01.19"]
[Round "9"]
[White "Ratsma, Rosa"]
[Black "Utiatskaja, Irina"]
[Result "1/2-1/2"]
[WhiteElo "2287"]
[BlackElo "2164"]
[PlyCount "64"]
[EventDate "2018.01.12"]

1. e4 c5 2. Nf3 d6 3. Bb5+ Bd7 4. Bxd7+ Qxd7 5. O-O Nc6 6. c3 Nf6 7. Re1 e6 8.
d4 cxd4 9. cxd4 d5 10. e5 Ne4 11. a3 Be7 12. Qd3 f5 13. exf6 Bxf6 14. Nbd2 Nxd2
15. Bxd2 O-O 16. Re2 Rae8 17. Rae1 h6 18. b4 a6 19. b5 axb5 20. Qxb5 Rf7 21.
Qd3 Bd8 22. Ne5 Nxe5 23. Rxe5 Bc7 24. R5e2 Bf4 25. Bb4 Bd6 26. g3 Bxb4 27. axb4
Qc6 28. b5 Qc4 29. Qxc4 dxc4 30. Rc1 Rf5 31. Rxc4 Rxb5 32. Rc7 Kf8 1/2-1/2

[Event "Open Praha 2018 - A"]
[Site "Praha (CZE)"]
[Date "2018.01.19"]
[Round "9"]
[White "Lee, Qing Aun"]
[Black "Tarun, V Kanth"]
[Result "1-0"]
[WhiteElo "2277"]
[BlackElo "2077"]
[PlyCount "73"]
[EventDate "2018.01.12"]

1. e4 e6 2. d4 d5 3. Nd2 Nf6 4. e5 Nfd7 5. Bd3 c5 6. c3 Nc6 7. Ne2 cxd4 8. cxd4
f6 9. exf6 Nxf6 10. O-O Bd6 11. Nf3 Qc7 12. Bd2 O-O 13. Nc3 a6 14. Rc1 Bd7 15.
Re1 Rae8 16. Na4 Bc8 17. Ne5 Qe7 18. Bg5 Qc7 19. Re3 Bxe5 20. dxe5 Ne4 21. Bxe4
dxe4 22. Rxe4 Qf7 23. Qe2 Qf5 24. Bh4 b5 25. Nc5 Ne7 26. Bxe7 Rxe7 27. Rd4 Ref7
28. f3 Qg5 29. Rf1 Rf5 30. f4 Qe7 31. b4 g5 32. Qd2 gxf4 33. Ne4 Rxe5 34. Nd6
Qf6 35. Nxc8 Re2 36. Qxe2 Qxd4+ 37. Kh1 1-0

[Event "Open Praha 2018 - A"]
[Site "Praha (CZE)"]
[Date "2018.01.19"]
[Round "9"]
[White "Zwahr, Paul"]
[Black "Lau, Ende Matthew"]
[Result "1/2-1/2"]
[WhiteElo "2269"]
[BlackElo "1977"]
[PlyCount "78"]
[EventDate "2018.01.12"]

1. e4 c5 2. Nf3 g6 3. d4 cxd4 4. Nxd4 Nc6 5. Nc3 Bg7 6. Be3 Nf6 7. Bc4 O-O 8.
Bb3 d6 9. f3 Bd7 10. Qd2 Rc8 11. O-O-O Ne5 12. Kb1 Nc4 13. Bxc4 Rxc4 14. g4 b5
15. h4 b4 16. Nce2 a5 17. h5 e5 18. Nb3 a4 19. Nbc1 d5 20. hxg6 fxg6 21. g5 d4
22. gxf6 Qxf6 23. b3 Rc7 24. Bh6 Bxh6 25. Qxh6 Bb5 26. Rh3 Ra8 27. Qd2 axb3 28.
cxb3 Qa6 29. f4 Qc6 30. fxe5 Qxe4+ 31. Nd3 Rf8 32. Ka1 Rfc8 33. Nef4 Rc2 34.
Qxb4 Bxd3 35. Rhxd3 Qxf4 36. Qxd4 Rc1+ 37. Kb2 R1c2+ 38. Kb1 Rc1+ 39. Kb2 R1c2+
1/2-1/2

[Event "Open Praha 2018 - A"]
[Site "Praha (CZE)"]
[Date "2018.01.19"]
[Round "9"]
[White "Yakimenko, Alexander A"]
[Black "Pantzar, Milton"]
[Result "1-0"]
[WhiteElo "2146"]
[BlackElo "2268"]
[PlyCount "91"]
[EventDate "2018.01.12"]

1. d4 Nf6 2. c4 c5 3. d5 b5 4. Qc2 bxc4 5. e4 d6 6. Bxc4 g6 7. b3 Nxe4 8. Bb2
Nf6 9. h4 h5 10. Nh3 Bg7 11. Nd2 O-O 12. Ng5 a5 13. O-O a4 14. bxa4 Bf5 15. Qb3
Qa5 16. Bc3 Qxa4 17. Rfe1 Qxb3 18. axb3 Rxa1 19. Rxa1 Nbd7 20. Ra6 Rb8 21. Ba5
Nh7 22. Nge4 Bxe4 23. Nxe4 Nhf6 24. Nd2 Bh6 25. Nf3 Kf8 26. Kf1 Ng4 27. Ke2
Nde5 28. Nxe5 Nxe5 29. Bc7 Rb7 30. Bb6 Kg7 31. Bb5 Nd7 32. Bxd7 Rxd7 33. Kd3
Rb7 34. Kc4 Bd2 35. Kb5 Rb8 36. Kc6 Bc3 37. Kc7 Re8 38. Kd7 Kf8 39. Bd8 Bf6 40.
Ra8 Rxd8+ 41. Rxd8+ Kg7 42. g3 Bd4 43. Kxe7 Bf6+ 44. Kd7 Bxd8 45. Kxd8 Kf6 46.
f4 1-0

[Event "Open Praha 2018 - A"]
[Site "Praha (CZE)"]
[Date "2018.01.19"]
[Round "9"]
[White "Harazinska, Ewa"]
[Black "Lindbol, Aleksander"]
[Result "1/2-1/2"]
[WhiteElo "2245"]
[BlackElo "2146"]
[PlyCount "39"]
[EventDate "2018.01.12"]

1. d4 Nf6 2. c4 e6 3. Nc3 Bb4 4. Qc2 O-O 5. Nf3 c5 6. dxc5 Na6 7. g3 Nxc5 8.
Bg2 Nce4 9. O-O Nxc3 10. bxc3 Be7 11. e4 d6 12. e5 dxe5 13. Nxe5 Qc7 14. Qe2
Nd7 15. Bf4 Nxe5 16. Bxe5 Bd6 17. Rfe1 Bxe5 18. Qxe5 Qxe5 19. Rxe5 Rd8 20. Rb5
1/2-1/2

[Event "Open Praha 2018 - A"]
[Site "Praha (CZE)"]
[Date "2018.01.19"]
[Round "9"]
[White "Bruaset, Eivind"]
[Black "Mis, Mieszko"]
[Result "0-1"]
[WhiteElo "2036"]
[BlackElo "2240"]
[PlyCount "72"]
[EventDate "2018.01.12"]

1. e4 c5 2. a3 g6 3. b4 Bg7 4. Nc3 d6 5. Rb1 Nf6 6. g3 O-O 7. Bg2 Nc6 8. Nge2
Rb8 9. O-O b6 10. d3 Bb7 11. f4 e6 12. h3 Qe7 13. Be3 Nd7 14. Qd2 Nd4 15. Bxd4
cxd4 16. Nb5 e5 17. Nxa7 Ra8 18. Nb5 Bc6 19. c4 Bxb5 20. cxb5 Rxa3 21. Ra1 Rfa8
22. Qb2 Rxa1 23. Rxa1 Rxa1+ 24. Qxa1 h5 25. h4 exf4 26. Nxf4 Be5 27. Qa7 Qd8
28. Ne2 Nf6 29. Bf3 Qc8 30. Qxb6 Qc2 31. Qd8+ Kg7 32. b6 Qxd3 33. b7 d5 34. Qe7
Qe3+ 35. Kh2 Qf2+ 36. Kh3 Qxf3 0-1

[Event "Open Praha 2018 - A"]
[Site "Praha (CZE)"]
[Date "2018.01.19"]
[Round "9"]
[White "Luukkonen, Tommi"]
[Black "Chyzy, Jakub"]
[Result "1-0"]
[WhiteElo "2331"]
[BlackElo "2112"]
[PlyCount "75"]
[EventDate "2018.01.12"]

1. d4 d5 2. c4 e6 3. Nc3 Nf6 4. cxd5 exd5 5. Bg5 Nbd7 6. e3 Be7 7. Bd3 O-O 8.
Nge2 Re8 9. O-O c6 10. Qc2 Nf8 11. f3 Be6 12. Rad1 a6 13. Nf4 Rc8 14. Kh1 N6d7
15. Nxe6 fxe6 16. Bf4 c5 17. Qf2 c4 18. Bb1 b5 19. a3 Qb6 20. e4 Nf6 21. Be5
Qb7 22. Rde1 a5 23. exd5 exd5 24. Bf5 Rcd8 25. Qg3 b4 26. axb4 axb4 27. Nd1
N8d7 28. Qh3 g6 29. Be6+ Kg7 30. f4 Nf8 31. f5 Nxe6 32. fxe6 Rf8 33. Ne3 Kg8
34. Qh6 Ne8 35. Rf7 Rxf7 36. exf7+ Kxf7 37. Qxh7+ Ke6 38. Qh3+ 1-0

[Event "Open Praha 2018 - A"]
[Site "Praha (CZE)"]
[Date "2018.01.19"]
[Round "9"]
[White "Sergienko, Sergey"]
[Black "Sosovicka, Jakub"]
[Result "1/2-1/2"]
[WhiteElo "2329"]
[BlackElo "2111"]
[PlyCount "83"]
[EventDate "2018.01.12"]

1. Nf3 c5 2. e4 d6 3. Bb5+ Nd7 4. c3 Ngf6 5. Qe2 a6 6. Ba4 b5 7. Bc2 Bb7 8. d4
e6 9. O-O Be7 10. Nbd2 O-O 11. Re1 cxd4 12. cxd4 Qc7 13. Nf1 Rac8 14. Bd3 e5
15. Ng3 exd4 16. Nxd4 Rfe8 17. Bf4 Bf8 18. Rac1 Qb6 19. Rxc8 Bxc8 20. Be3 Qb8
21. Nb3 Bb7 22. Bd4 d5 23. f3 Bd6 24. Bf2 Qa8 25. Qd1 Bxg3 26. Bxg3 dxe4 27.
fxe4 Bxe4 28. Bf1 Rc8 29. Nd4 Qd5 30. Ne2 Rc2 31. Qxd5 Bxd5 32. Nc3 Be6 33. Re2
Rxe2 34. Bxe2 b4 35. Na4 Bxa2 36. Bxa6 Ne4 37. Be1 Ndc5 38. Nxc5 Nxc5 39. Bb5
b3 40. Kf2 Bb1 41. Ke3 Bc2 42. Kd4 1/2-1/2

[Event "Open Praha 2018 - A"]
[Site "Praha (CZE)"]
[Date "2018.01.19"]
[Round "9"]
[White "Kulkarni, Bhakti"]
[Black "Darnell, Anton"]
[Result "1-0"]
[WhiteElo "2306"]
[BlackElo "2087"]
[PlyCount "75"]
[EventDate "2018.01.12"]

1. d4 d5 2. c4 c6 3. Nf3 Nf6 4. e3 Bf5 5. Nc3 a6 6. Ne5 Nbd7 7. Be2 Nxe5 8.
dxe5 Ne4 9. Nxe4 Bxe4 10. f3 Bg6 11. cxd5 Qxd5 12. Qxd5 cxd5 13. Bd2 Rc8 14. e6
f6 15. g4 Rc6 16. Rc1 Rxe6 17. O-O Rd6 18. Rc8+ Rd8 19. Rfc1 Rxc8 20. Rxc8+ Kd7
21. Rb8 Kc7 22. Ra8 Bb1 23. Ba5+ Kd7 24. a3 g6 25. Rd8+ Ke6 26. Rb8 Bg7 27.
Rxb7 Rc8 28. Bc3 Rc6 29. Ra7 Bh6 30. Kf2 f5 31. gxf5+ Bxf5 32. Bxa6 Kf7 33. Bb7
Rd6 34. Ra5 e6 35. Be5 Rb6 36. Ra7 Ke8 37. b4 Bg5 38. Bc7 1-0